• 首页
  • 本馆介绍
  • 公告通知
  • 最新文献
  • 馆藏检索
  • 电子资源
  • 读者导购
  • 参考咨询
  • 我的图书馆
  • 登录
  • 详细信息显示
  • 放入我的书架
  • 预约/预借图书
  • 作者相关作品
  • 分类相关作品
  • 丛书相关作品
  • 出版社相关作品

书目信息

  • 表格格式
  • 工作单格式
  • 卡片格式
题名:
英汉化学化工词汇
    
 
作者: 科学出版社名词室 编
分册:  
出版信息: 北京   科学出版社  2000.01
页数: 2329页
开本: 32开
丛书名:
单 册:
中图分类: O6-61
科图分类:
主题词: 化学
电子资源:
ISBN: 7-03-006867-X
000 00604nam0 2200205 45
001 0102280923
005 20031219104048.8
010    @a7-03-006867-X@b精装@dCNY98.00
100    @a20010228d2000 km y0chiy0120 ea
101 0  @achi
105    @a z 000yy
200 1  @a英汉化学化工词汇@AYing Han Hua Xue Hua Gong Ci Hui@f科学出版社名词室编@FKe Xue Chu Ban She Ming Ci Shi Bian
205    @a4版
210    @a北京@c科学出版社@d2000.01
215    @a2329页@d32开
606 0  @a化学
690    @aO6-61@v1
701  0 @a科学出版社名词室@4编
801    @aCN@bTSTC@c20010228
905    @b295126-127@dO6-61@e152=4@f2
    
    英汉化学化工词汇/科学出版社名词室编.-4版.-北京:科学出版社,2000.01
    2329页;32开
    
    
    ISBN 7-03-006867-X(精装):CNY98.00
    
●
相关链接 在E读中查询图书 在五车中查询图书 在当当中查询图书 在豆瓣中查询图书


正题名:英汉化学化工词汇     索取号:O6-61/152=4         预约/预借

序号 登录号 条形码 馆藏地/架位号 状态 备注
1 0295126   002951265   工具书阅览室/ [索取号:O6-61/152=4] 在馆    
2 0295127   002951274   第二样本阅览室/ [索取号:O6-61/152=4] 在馆    
唐山师范学院图书馆 欢迎您!
大连网信软件有限公司© 版权所有